000 00702nam a2200241Ia 4500
003 OSt
005 20220925212442.0
006 a|||||r|||| 00| 0
007 ta
008 220923b |||||||| |||| 00| 0 eng d
020 _a0043600395
037 _cGeneral Book
040 _aRTL
_cRTL
_beng
041 _2eng
_aeng
082 _aX76(Y).30m73.N7, L5
100 _aGlennerster H
_9276822
245 0 _aSocial service budgets and social policy
_b British
260 _aLondon
_bAllen & Unwin
_c1975
300 _a272p
_ccm.
500 _aBibliography chapterwise and P 260-65
942 _hX76(Y).30m73.N7, L5
_cGB
_2CC
999 _c560390
_d560390